LEADER 00989nam0 22002651i 450 001 RML0254519 005 20231121125713.0 010 $a8814022674 100 $a20121121d1989 ||||0itac50 ba 101 | $aita 102 $ait 181 1$6z01$ai $bxxxe 182 1$6z01$an 200 1 $aAmministratori di societa' ed esercizio del potere$econ particolare riferimento alle normative opa e ant 210 $aMilano $cGiuffre' $d1989 606 $aDiritto societario$2FIR$3RMLC172272$9I 700 1$aROSSI$b, Enzo$3RMLV149245$0107643 801 3$aIT$bIT-01$c20121121 850 $aIT-FR0098 899 $aBiblioteca Area Giuridico Economica$bFR0098 912 $aRML0254519 950 0$aBiblioteca Area Giuridico Economica$d 53DSG 06/0045$e 53VM 0000254285 VM barcode:GIU0002837. - Inventario:5991VM$fA $h20010423$i20121204 977 $a 53 996 $aAmministratori di società ed esercizio del potere$9194841 997 $aUNICAS LEADER 03089nam 2200769Ia 450 001 9910954781303321 005 20250920110029.0 010 $a1-4462-9232-0 010 $a1-4462-5872-6 010 $a1-4462-5187-X 010 $a1-299-65749-4 035 $a(CKB)2670000000523301 035 $a(EBL)880846 035 $a(OCoLC)847624810 035 $a(SSID)ssj0000834921 035 $a(PQKBManifestationID)12426285 035 $a(PQKBTitleCode)TC0000834921 035 $a(PQKBWorkID)10981569 035 $a(PQKB)11600488 035 $a(MiAaPQ)EBC880846 035 $a(OCoLC)830948707 035 $a(StDuBDS)EDZ0000116184 035 $a(Au-PeEL)EBL880846 035 $a(CaPaEBR)ebr10668459 035 $a(CaONFJC)MIL496999 035 $a(FINmELB)ELB141626 035 $a(PPN)227901959 035 $a(FR-PaCSA)88869085 035 $a(ODN)ODN0004992428 035 $a(EXLCZ)992670000000523301 100 $a20110615d2012 uy 0 101 0 $aeng 135 $aur||||||||||| 181 $ctxt 182 $cc 183 $acr 200 10$aAssessing the quality of survey data /$fJorg Blasius & Victor Thiessen 205 $a1st ed. 210 $aLondon ;$aThousand Oaks, CA $cSage Publications$d2012 215 $a1 online resource (xi, 174 pages) $cillustrations 225 1 $aResearch methods for social scientists 300 $aDescription based upon print version of record. 311 08$a1-84920-332-6 311 08$a1-84920-331-8 320 $aIncludes bibliographical references (p. [164]-172) and index. 327 $aCover; contents; about the authors; list of acronyms and sources of data; preface; 1 Conceptualizing data quality; 2 Empirical findings on quality and comparability of survey data; 3 Statistical techniques for data screening; 4 Institutional quality control practices; 5 Substantive or methodology-induced factors?; 6 Item difficulty and response quality; 7 Questionnaire architecture; 8 Cognitive competencies and response quality; 9 Conclusion; References; Index 330 8 $aThis is a book for any researcher using any kind of survey data. It introduces the latest methods of assessing the quality and validity of such data by providing new ways of interpreting variation and measuring error. 410 0$aResearch Methods for Social Scientists 606 $aSocial surveys$xMethodology 606 $aSocial sciences$xStatistical methods 606 $aSocial sciences$xResearch$xMethodology 606 $aCorrespondence analysis (Statistics) 615 0$aSocial surveys$xMethodology. 615 0$aSocial sciences$xStatistical methods. 615 0$aSocial sciences$xResearch$xMethodology. 615 0$aCorrespondence analysis (Statistics) 676 $a001.433 686 $aSOC024000$2bisacsh 700 $aBlasius$b Jo?rg$f1957-$0374089 701 $aThiessen$b Victor$01812791 801 0$bMiAaPQ 801 1$bMiAaPQ 801 2$bMiAaPQ 906 $aBOOK 912 $a9910954781303321 996 $aAssessing the quality of survey data$94365379 997 $aUNINA